000 00630nam a2200229 i 4500
001 C2-0168581
003 PPAK
005 20180728091102.0
008 980715s1992 enka|||| ||||| | eng d
020 _a0863188397
040 _aPPAK
_beng
_cPPAK
_erda
082 0 4 _a797.21
_2 23
090 0 0 _a797.21
_bDAV
_dR
100 1 _aDavies, Sharron,
_eauthor
245 1 0 _aLearn swimming in a weekend
264 1 _aLondon :
_bDorling Kindersley ,
_c1992
300 _a96 pages :
_bcolour illustrations ;
_c22 cm
336 _2rdacontent
_atext
337 _2rdamedia
_aunmediated
338 _2rdacarrier
_avolume
942 _ddc
_cB
999 _c152722
_d152722